000 02319nam a2200385 i 4500
001 196265
003 ES-MaACL
005 20250711063133.0
008 240823s2018 sp a | |||| 000 p spa
015 _aMON17
017 _aM 34999-2017
_bOficina Depósito Legal Madrid
020 _a9788494804601
035 _a(OCoLC)1055862750
035 _a(SpMaBN)a6190923
035 _a991010976119708606
040 _aSpMaBN
_bspa
_cSpMaBN
_erdc
_dES-MaACL
080 _a821.134.2-14"19"
100 1 _aDíez de la Cortina Montemayor, Susana,
_d1966-
_9240351
_eaut
245 1 3 _aLa senda impar /
_cSusana Díez de la Cortina Montemayor ; [ilustraciones, Antonio Fernández Heliodoro].
250 _aPrimera edición: enero de 2018
260 _aMorata de Tajuña, Madrid :
_bManuscritos,
_c2018..
300 _a118 p. :
_bil. col. ;
_c23 cm.
336 _aTexto (visual)
_2isbdcontent
337 _asin mediación
_2isbdmedia
338 _2rdacarrier
_avolumen
520 _aLa senda impar se inspira en el Camino de Santiago y su vinculación con el Juego de la Oca para proponernos, con una mirada lúdica y al mismo tiempo críptica, un recorrido simbólico por la vigilia y por el sueño de una única senda, introspectiva e impar, en la que los pensamientos diurnos se entreveran con imágenes oníricas en un camino jalonado de hitos como la posada, el puente, el pozo, el laberinto o la escalera: [...] Sólo el sol y la luna al sucederse darán sentido al incesante cambio de tus días en y tránsito y tus noches en duermevela de sueños y de pasos. Tus caminos los trazan en el cielo los senderos de Auca y Vía Láctea: cuando tu estrella duerme, la oca vuela, cuando la estrella brilla, tu oca sueña.
655 7 _2tgfbne
_9176539
_aPoesías
700 _aFernández Heliodoro, Antonio,
_d1938-
_9238595
_eill
852 _aES-MaACL
_bR.152088
_cDEPOJ
_jN-9319
_gDedicatoria autógrafa de la autora
_hDonación: Susana Diez de la Cortina Montemayor
_xEncuadernación rústica con solapas
_9205390
903 _9240351
_aDíez de la Cortina Montemayor, Susana,
_ednr
_d1966-
942 _cMONOGRAFIA
_n0
999 _c196265
_d196265